Регионална библиотека "Любен Каравелов" - Русе

Медицинска микробиология, имунитет и вируси (Запис номер 416322)

MARC детайли
000 -Лидер
Контролно поле с фиксирана дължина nam a22 a 4500
003 - Код на организацията, давaща контролен номер
Контролно поле BLK
005 - Дата и час на последна редакция
Контролно поле 20230411101017.0
008 - Елементи от данни с фиксирана дължина
fixed length control field 210526b bu |||||r|||| 00| 0 bu d
040 ## - Източник на каталожния запис
Идентификатор на билиотеката - собственик на записа BLK
041 ## - Код за език
Код за езика на текст/звукозапис или на отделно заглавие Български
Код за езика КДБФ Български
080 ## - УДК
Текстов определител УДК Медицинска микробиология. Подразделя се с отношение (Табл. Іb) към съответните деления на 61
УДК код - определител по УДК 61
УДК определител :579.61
УДК - код + определител 61:579.61
100 ## - Редна дума - Автор
R(LIN) 1299
Автор Марков, Владимир Несторов
Авторска отговорност първи автор
139 ## - Редно поле
Редна дума Марков, Владимир Несторов
Авторски знак Марк - М 32
245 ## - Сведения за заглавието
Заглавие Медицинска микробиология, имунитет и вируси
Подзаглавни данни За медицински и ветеринарни лекари, биолози и студенти
Редно поле (дума) Владимир Несторов Марков
250 ## - Област на изданието
Сведения за изданието 3. прераб. и доп. изд
260 ## - Област на издателските данни
9 (RLIN) 219317
Място на издаване, разпространение и проч. София
Име на издателя, разпространителя и проч. Унив. печ.
Година на издаване 1946
300 ## - Физическа характеристика
Страници XV, 460 с.
Илюстрации и др. 10 л. : табл.
Размери/Мащаб 24 см
380 ## - Жанр
Жанр Медицина
500 ## - Общи забележки
Забележка 1. изд. 1932 под загл. Патогенни микроорганизми и имунитет
650 #0 - Допълнително описание по предмет – тема
Основно описание – тема или топоним Микробиология, медицинска
9 (RLIN) 162160
653 #7 - Ключова дума – ненормативна
9 (RLIN) 187586
Ключова дума имунитет
653 #7 - Ключова дума – ненормативна
9 (RLIN) 183318
Ключова дума вируси
852 ## - Местоположение
Форматна сигнатура Цб 6.235.19145
Фондова буква Основен фонд - ползва се само за читалня
852 ## - Местоположение
Форматна сигнатура Цб 6.325.20038
Фондова буква Основен фонд - ползва се само за читалня
999 ## - СИСТЕМНИ КОНТРОЛНИ НОМЕРА
Koha biblionumber 416322
Koha biblioitemnumber 416322
942 ## - АРТИКУЛИ
Вид на библиотечния материал Книги
Скрит в OPAC Не
Периодичен библиозапис Да
944 ## - СЪЗДАВАНЕ И РЕДАКЦИЯ на ЗАПИСА
Създаване/Редакция Създаване
Дата на регистрацията/редакция 2021-05-26
Служител, извършил регистрацията/редакцията ВП
999 ## - СИСТЕМНИ КОНТРОЛНИ НОМЕРА
Koha biblioitemnumber 416322
Наличности
Код за отписване Код за изгубен артикул Източник на класификационната схема Код за повреда Коз за рестрикции Код за отдаване Артикулен № Име на библиотеката - собственик Име на библиотеката, в която се намира в момента Статус (Текущо местоположение) Дата на вписване в системата Местоположение - отдел Цена в лева Инвентарен номер Систематично азбучна сигнатура Баркод Цена в евро Служебен тип на артикула
  Не е изгубен Universal Decimal Classification Не е повреден само за читалня ползва се в читалня 833873 Регионална библиотека "Любен Каравелов" Русе Регионална библиотека "Любен Каравелов" Русе Хранилище 2021-06-01 Основен фонд - ползва се само за читалня 1.38 20038-а Цб 6.235.20038 900000062107 0.71 Книги
  Не е изгубен Universal Decimal Classification Не е повреден само за читалня ползва се в читалня 833935 Регионална библиотека "Любен Каравелов" Русе Регионална библиотека "Любен Каравелов" Русе Хранилище 2021-06-01 Основен фонд - ползва се само за читалня 1.44 19145 Цб 6.235.19145 900000062008 0.74 Книги
Vip Innovations Ltd, Rousse, Bulgaria 2025